[Event "London CSC op U2000 7th"]
[White "Johnson, Daniel1"]
[Black "Oliveri, Claudio"]
[Site "London"]
[Round "4"]
[Result "0-1"]
[Date "2015.12.10"]
[WhiteElo "1807"]
[BlackElo "1653"]
[PlyCount "56"]
[EventDate "2015.12.07"]
[EventType "swiss"]
[EventRounds "9"]
[EventCountry "ENG"]
[SourceTitle "CBM 170 Extra"]
[Source "ChessBase"]
[SourceDate "2016.02.25"]
[SourceVersion "1"]
[SourceVersionDate "2016.02.25"]
[SourceQuality "1"]

1. e4 c5 2. Nf3 e6 3. d4 cxd4 4. c3 dxc3 5. Nxc3 Nc6 6. Bc4 d6 7. 0-0 Be7 8. h3 Nf6 9. Bb3 0-0 10. Bf4 e5 11. Bg5 Be6 12. Bxe6 fxe6 13. Qb3 Qd7 14. Rfd1 Rad8 15. Rd3 Nh5 16. Ne2 Rxf3 17. Rxf3 Bxg5 18. a3 Nf4 19. Nxf4 Nd4 20. Qd3 Nxf3+ 21. Qxf3 Bxf4 22. Rd1 Rc8 23. g3 Bh6 24. Kg2 Rf8 25. Qc3 Qa4 26. Qd3 Rd8 27. b4 a5 28. Qc4 Qxd1 0-1

[Event "Hampstead U1900 op 30th"]
[White "Oliveri, Claudio"]
[Black "Baroukh, Leon"]
[Site "Hampstead"]
[Round "4"]
[Result "1-0"]
[Date "2015.07.05"]
[WhiteElo "1635"]
[BlackElo "1629"]
[PlyCount "65"]
[EventDate "2015.07.04"]
[EventType "swiss"]
[EventRounds "5"]
[EventCountry "ENG"]
[SourceTitle "EXT 2025"]
[Source "ChessBase"]
[SourceDate "2024.10.14"]
[SourceVersion "1"]
[SourceVersionDate "2024.10.14"]
[SourceQuality "1"]

1. e4 e5 2. Bc4 Bc5 3. Nc3 Nf6 4. d3 h6 5. Nge2 Ng4 6. d4 exd4 7. Nxd4 Nxf2 8. Bxf7+ Kf8 9. Ne6+ dxe6 10. Qxd8+ Kxf7 11. Qxh8 Nc6 12. 0-0 b6 13. Qh7 Ba6 14. Rxf2+ Bxf2+ 15. Kxf2 Ne5 16. Bxh6 Ng4+ 17. Kg3 Nxh6 18. Rd1 Ng8 19. e5 Ne7 20. Qh5+ Kg8 21. Ne4 Rf8 22. Ng5 Nf5+ 23. Kh3 Nh6 24. Qg6 Rb8 25. Qh7+ Kf8 26. Nxe6+ Ke7 27. Qxg7+ Nf7 28. Qf6+ Ke8 29. Nxc7+ Kf8 30. e6 Kg8 31. exf7+ Kh7 32. Ne6 Rg8 33. f8N+ 1-0

[Event "London Golders Green op U1900 4th"]
[White "Oliveri, Claudio"]
[Black "Ciani, Davide"]
[Site "London"]
[Round "6"]
[Result "1-0"]
[Date "2014.08.25"]
[WhiteElo "1658"]
[BlackElo "1761"]
[PlyCount "77"]
[EventDate "2014.08.23"]
[EventType "swiss"]
[EventRounds "6"]
[EventCountry "ENG"]
[SourceTitle "EXT 2018"]
[Source "ChessBase"]
[SourceDate "2017.10.13"]
[SourceVersion "1"]
[SourceVersionDate "2017.10.13"]
[SourceQuality "1"]

1. e4 c5 2. Nf3 Nc6 3. Bb5 e6 4. Bxc6 bxc6 5. 0-0 d6 6. h3 e5 7. c3 Nf6 8. Re1 Be7 9. d4 cxd4 10. cxd4 Nd7 11. Nc3 f6 12. Qd3 Qb6 13. b3 0-0 14. Na4 Qb7 15. Ba3 Nb6 16. Nc3 Be6 17. Rac1 Rfd8 18. Ne2 Rac8 19. Qe3 Bf7 20. dxe5 fxe5 21. Nxe5 Bf6 22. Nxf7 Kxf7 23. Rc2 c5 24. Bb2 Bxb2 25. Rxb2 Kg8 26. Rd2 Rc7 27. Qg5 Rdd7 28. f3 a5 29. Red1 Qc6 30. Qg4 d5 31. e5 c4 32. bxc4 Nxc4 33. e6 Re7 34. Rxd5 Ne3 35. Rd8+ Re8 36. Rxe8+ Qxe8 37. Qf4 Nxd1 38. Qxc7 Qxe6 39. Qd8+ 1-0

[Event "London Golders Green op U1900 4th"]
[White "Oliveri, Claudio"]
[Black "Zhao, Haolin"]
[Site "London"]
[Round "2"]
[Result "1-0"]
[Date "2014.08.23"]
[WhiteElo "1658"]
[BlackElo "1353"]
[PlyCount "60"]
[EventDate "2014.08.23"]
[EventType "swiss"]
[EventRounds "6"]
[EventCountry "ENG"]
[SourceTitle "EXT 2018"]
[Source "ChessBase"]
[SourceDate "2017.10.13"]
[SourceVersion "1"]
[SourceVersionDate "2017.10.13"]
[SourceQuality "1"]

1. e4 c5 2. Nf3 g6 3. d4 cxd4 4. Nxd4 Nc6 5. Nc3 Bg7 6. Be3 Nf6 7. Nxc6 bxc6 8. e5 Ng8 9. Bd4 Nh6 10. e6 Bxd4 11. Qxd4 0-0 12. exd7 Qxd7 13. Qxd7 Bxd7 14. 0-0-0 Be6 15. f3 Nf5 16. Ba6 Rab8 17. Rhe1 Rb6 18. Bf1 Rfb8 19. b3 Kf8 20. Ne4 Bd5 21. Nc5 Ke8 22. c4 Be6 23. Nxe6 fxe6 24. Rxe6 Kf7 25. Ree1 Re8 26. Rd2 c5 27. Bd3 Nd4 28. Kb2 Rbb8 29. Bc2 e5 30. Kc3 Rbd8 1-0

[Event "London Golders Green op U1900 4th"]
[White "Pink, Joshua"]
[Black "Oliveri, Claudio"]
[Site "London"]
[Round "1"]
[Result "1-0"]
[Date "2014.08.23"]
[WhiteElo "1825"]
[BlackElo "1658"]
[PlyCount "65"]
[EventDate "2014.08.23"]
[EventType "swiss"]
[EventRounds "6"]
[EventCountry "ENG"]
[SourceTitle "EXT 2018"]
[Source "ChessBase"]
[SourceDate "2017.10.13"]
[SourceVersion "1"]
[SourceVersionDate "2017.10.13"]
[SourceQuality "1"]

1. d4 Nf6 2. c4 c5 3. d5 b5 4. cxb5 a6 5. bxa6 g6 6. Nc3 Bxa6 7. f4 Bg7 8. Nf3 d6 9. e4 Bxf1 10. Rxf1 Nbd7 11. e5 dxe5 12. fxe5 Ng4 13. e6 Ndf6 14. Ng5 0-0 15. exf7+ Kh8 16. Ne6 Qa5 17. Nxf8 Rxf8 18. Bd2 Nxh2 19. Rf4 Qa6 20. Qe2 Qd6 21. 0-0-0 Nh5 22. Rh4 Rxf7 23. Qe6 Qxe6 24. dxe6 Rf2 25. Rxh2 Be5 26. Bh6 Nf6 27. Ne4 Rxb2 28. Nxf6 Rb8 29. Ng4 Bd4 30. Rh3 Bb2+ 31. Kc2 Bd4 32. Rb3 Ra8 33. Rdb1 1-0

[Event "London Golders Green op U1900 3rd"]
[White "Oliveri, Claudio"]
[Black "Sloan, Cecil"]
[Site "London"]
[Round "6"]
[Result "0-1"]
[Date "2014.05.05"]
[WhiteElo "1696"]
[BlackElo "1702"]
[PlyCount "46"]
[EventDate "2014.05.03"]
[EventType "swiss"]
[EventRounds "6"]
[EventCountry "ENG"]
[SourceTitle "EXT 2018"]
[Source "ChessBase"]
[SourceDate "2017.10.13"]
[SourceVersion "1"]
[SourceVersionDate "2017.10.13"]
[SourceQuality "1"]

1. e4 c5 2. Nf3 g6 3. Bc4 Bg7 4. 0-0 e6 5. Re1 Ne7 6. c3 d5 7. exd5 exd5 8. Bb5+ Bd7 9. Bxd7+ Nxd7 10. d4 0-0 11. dxc5 Nxc5 12. Bg5 Re8 13. Na3 Ne6 14. Bh4 Qb6 15. Rb1 Nf5 16. Qxd5 Nxh4 17. Nxh4 Nf4 18. Qf3 Rxe1+ 19. Rxe1 Qxb2 20. Nc4 Qxc3 21. Qxc3 Bxc3 22. Re4 Rd8 23. g3 Rd1+ 0-1

[Event "London Golders Green op U1900 3rd"]
[White "Sivarajasingam, Venetia"]
[Black "Oliveri, Claudio"]
[Site "London"]
[Round "1"]
[Result "0-1"]
[Date "2014.05.03"]
[WhiteElo "1287"]
[BlackElo "1696"]
[PlyCount "138"]
[EventDate "2014.05.03"]
[EventType "swiss"]
[EventRounds "6"]
[EventCountry "ENG"]
[SourceTitle "EXT 2018"]
[Source "ChessBase"]
[SourceDate "2017.10.13"]
[SourceVersion "1"]
[SourceVersionDate "2017.10.13"]
[SourceQuality "1"]

1. e4 c5 2. Nf3 e6 3. c4 d5 4. exd5 exd5 5. d4 Bg4 6. dxc5 Bxc5 7. Qb3 Qe7+ 8. Be2 d4 9. Bf4 Nc6 10. Nbd2 Nb4 11. a3 d3 12. 0-0 dxe2 13. Rfe1 Nc6 14. h3 Be6 15. Rxe2 Nf6 16. Ng5 0-0 17. Ndf3 h6 18. Nxe6 fxe6 19. Rae1 Nd8 20. Ne5 Nh5 21. Ng6 Qf6 22. Nxf8 Nxf4 23. Rd2 Qxf8 24. Re4 Qf5 25. Qf3 Nxh3+ 26. Kf1 Qxf3 27. gxf3 Ng5 28. Rf4 Bxf2 29. Rd7 Be3 30. Rg4 e5 31. Re7 Bd4 32. f4 exf4 33. Rxf4 Bf6 34. Rd7 Nde6 35. Rg4 Bxb2 36. Rxb7 Bxa3 37. Rg3 Rf8+ 38. Ke1 Bc5 39. Rd3 Nf3+ 40. Kd1 Nfd4 41. Rc3 a5 42. Rb2 a4 43. Rd3 Rf1+ 44. Kd2 Rf2+ 45. Kc1 Rxb2 46. Kxb2 a3+ 47. Ka2 Nf4 48. Rg3 g5 49. Re3 h5 50. Re8+ Kf7 51. Rb8 h4 52. Rb7+ Kf6 53. Rc7 Nd3 54. Rb7 Kg6 55. Rc7 h3 56. Rc8 Kf5 57. Rh8 Kg4 58. Rh7 Kg3 59. Rh5 g4 60. Rh8 Kg2 61. Rg8 g3 62. Rh8 h2 63. Rh7 h1Q 64. Rxh1 Kxh1 65. Kb1 g2 66. Ka2 Nb4+ 67. Kxa3 g1Q 68. Kb2 Qf2+ 69. Ka3 Qa2# 0-1

[Event "Hampstead op U2200 12"]
[White "Oliveri, Claudio"]
[Black "Woltery, Nicolai"]
[Site "Hampstead"]
[Round "1"]
[Result "1-0"]
[Date "2013.12.21"]
[WhiteElo "1770"]
[BlackElo "1194"]
[PlyCount "133"]
[EventDate "2013.12.21"]
[EventType "swiss"]
[EventRounds "5"]
[EventCountry "ENG"]
[SourceTitle "EXT 2015"]
[Source "ChessBase"]
[SourceDate "2014.11.20"]
[SourceVersion "1"]
[SourceVersionDate "2014.11.20"]
[SourceQuality "1"]

1. e4 c5 2. Nf3 Nc6 3. Bb5 d6 4. 0-0 Bd7 5. Re1 e5 6. c3 Nf6 7. d4 Qc7 8. Bg5 Be7 9. d5 Nd8 10. Bxd7+ Qxd7 11. Nbd2 0-0 12. a4 b5 13. axb5 Qxb5 14. Qc2 Nb7 15. c4 Qd7 16. Ra6 h6 17. Bxf6 Bxf6 18. Rea1 Nd8 19. h3 Re8 20. Qa4 Re7 21. b4 Qxa4 22. R1xa4 Rb7 23. bxc5 dxc5 24. R4a5 Be7 25. Nxe5 f6 26. Ng6 Kf7 27. Nxe7 Kxe7 28. Rxc5 Kd7 29. Nf3 Rb6 30. Rca5 Rxa6 31. Rxa6 Kc7 32. Nd4 Kb7 33. Ra4 Kb6 34. Nf5 g5 35. Nxh6 Nb7 36. Ng4 Nc5 37. Rb4+ Kc7 38. Nxf6 a5 39. Rb1 a4 40. Ra1 a3 41. Ra2 Nd3 42. g3 Nb4 43. Ra1 a2 44. e5 Nc2 45. Rxa2 Rxa2 46. e6 Kd6 47. c5+ Ke7 48. Ng8+ Ke8 49. d6 Ra8 50. Nf6+ Kf8 51. e7+ Kf7 52. Ne4 Nb4 53. Nxg5+ Kf6 54. h4 Ke5 55. d7 Nc6 56. e8Q+ Rxe8 57. dxe8Q+ Kd5 58. h5 Kxc5 59. h6 Kd6 60. h7 Kc5 61. h8Q Kb5 62. Qb2+ Kc5 63. Ne4+ Kd5 64. Qd2+ Nd4 65. Qd7+ Kxe4 66. Q2xd4+ Kf3 67. Q7g4# 1-0

[Event "Hampstead op U2200 11-A"]
[White "Jaunooby, Ali Reza"]
[Black "Oliveri, Claudio"]
[Site "Hampstead"]
[Round "3"]
[Result "1-0"]
[Date "2013.11.23"]
[WhiteElo "2146"]
[BlackElo "1810"]
[PlyCount "115"]
[EventDate "2013.11.23"]
[EventType "swiss"]
[EventRounds "5"]
[EventCountry "ENG"]
[SourceTitle "EXT 2015"]
[Source "ChessBase"]
[SourceDate "2014.11.20"]
[SourceVersion "1"]
[SourceVersionDate "2014.11.20"]
[SourceQuality "1"]

1. d4 Nf6 2. c4 c5 3. d5 b5 4. a4 bxc4 5. Nc3 g6 6. e4 d6 7. f4 Nbd7 8. Nf3 Bg7 9. e5 dxe5 10. fxe5 Ng4 11. e6 Nde5 12. exf7+ Nxf7 13. Bxc4 Nd6 14. Ba2 Ba6 15. Ng5 Bxc3+ 16. bxc3 Qa5 17. Bd2 Ne3 18. c4 Nxd1 19. Bxa5 Ne3 20. Rc1 Nxg2+ 21. Kd2 0-0 22. Ke2 Rab8 23. Rc2 Nf4+ 24. Kd1 h6 25. Ne6 Nxe6 26. dxe6 Rf4 27. Kc1 Rb7 28. Rd1 Re4 29. Re1 Rxe1+ 30. Bxe1 Nf5 31. Rg2 Kh7 32. Bc3 Rb6 33. Bb1 Rxb1+ 34. Kxb1 Bxc4 35. Rb2 g5 36. Rb7 a6 37. Bf6 Kg6 38. Be5 Bd3+ 39. Kb2 c4 40. Ka3 Kh7 41. Ra7 Kg6 42. Bc3 Kh5 43. Rxa6 Kg4 44. Ra7 Kh3 45. Be5 c3 46. Rc7 c2 47. Kb2 Ne3 48. Kc1 Nc4 49. Bg3 h5 50. Rc5 h4 51. Rxg5 Ne3 52. Bxh4 Kxh4 53. Rg3 Nf1 54. Rxd3 Nxh2 55. Rd7 Kg5 56. Rxe7 Kf6 57. Rh7 Nf3 58. e7 1-0

[Event "Hampstead op U2200 10"]
[White "Ivanov, Elizabeth"]
[Black "Oliveri, Claudio"]
[Site "Hampstead"]
[Round "3"]
[Result "0-1"]
[Date "2013.10.26"]
[WhiteElo "1618"]
[BlackElo "1810"]
[PlyCount "70"]
[EventDate "2013.10.26"]
[EventType "swiss"]
[EventRounds "5"]
[EventCountry "ENG"]
[SourceTitle "EXT 2015"]
[Source "ChessBase"]
[SourceDate "2014.11.20"]
[SourceVersion "1"]
[SourceVersionDate "2014.11.20"]
[SourceQuality "1"]

1. e4 e5 2. Nf3 Nc6 3. d4 exd4 4. Bc4 Bc5 5. c3 Nf6 6. e5 d5 7. Bb5 Ne4 8. cxd4 Bb6 9. Bxc6+ bxc6 10. h3 Ba6 11. Nc3 Nxc3 12. bxc3 0-0 13. Ng1 Qh4 14. Ne2 Qe4 15. Be3 Qxg2 16. Rg1 Qxh3 17. Qd2 g6 18. 0-0-0 Bxe2 19. Qxe2 Rab8 20. Rh1 Qf5 21. Rd3 Ba5 22. Qd2 Rb5 23. Bg5 Rfb8 24. Kd1 Rb1+ 25. Ke2 Rxh1 26. Rf3 Qg4 27. Qf4 Rb2+ 28. Ke3 Re1+ 29. Kd3 Qxf4 30. Rxf4 Rxa2 31. Rf6 Rf1 32. e6 fxe6 33. Rxe6 Rfxf2 34. Bh6 Rf3+ 35. Re3 Rxe3+ 0-1

[Event "Hampstead op U2200 10"]
[White "Oliveri, Claudio"]
[Black "Villiers, Thomas"]
[Site "Hampstead"]
[Round "2"]
[Result "0-1"]
[Date "2013.10.26"]
[WhiteElo "1810"]
[BlackElo "2042"]
[PlyCount "58"]
[EventDate "2013.10.26"]
[EventType "swiss"]
[EventRounds "5"]
[EventCountry "ENG"]
[SourceTitle "EXT 2015"]
[Source "ChessBase"]
[SourceDate "2014.11.20"]
[SourceVersion "1"]
[SourceVersionDate "2014.11.20"]
[SourceQuality "1"]

1. e4 d5 2. exd5 Qxd5 3. Nc3 Qa5 4. g3 Nf6 5. Bg2 c6 6. h3 Bf5 7. Nge2 e5 8. d3 Be7 9. 0-0 0-0 10. a3 Nbd7 11. Rb1 Qc7 12. b4 Rad8 13. b5 Nb6 14. bxc6 bxc6 15. Qe1 Rfe8 16. Kh2 Bc5 17. a4 e4 18. Bf4 Qc8 19. a5 exd3 20. cxd3 Nbd5 21. Rb8 Qa6 22. Rxd8 Rxd8 23. d4 Bb4 24. Qc1 Bd3 25. Nxd5 Nxd5 26. Bxd5 cxd5 27. Be5 Bxe2 28. Qg5 f6 29. Bxf6 Qxf6 0-1

[Event "Hampstead op U2200 09"]
[White "Karia, Kamlesh"]
[Black "Oliveri, Claudio"]
[Site "Hampstead"]
[Round "4"]
[Result "0-1"]
[Date "2013.09.29"]
[WhiteElo "1602"]
[BlackElo "1738"]
[PlyCount "98"]
[EventDate "2013.09.28"]
[EventType "swiss"]
[EventRounds "5"]
[EventCountry "ENG"]
[SourceTitle "EXT 2015"]
[Source "ChessBase"]
[SourceDate "2014.11.20"]
[SourceVersion "1"]
[SourceVersionDate "2014.11.20"]
[SourceQuality "1"]

1. e4 e5 2. Nf3 Nc6 3. d4 exd4 4. Bc4 Bc5 5. c3 Nf6 6. e5 d5 7. exf6 dxc4 8. 0-0 Qxf6 9. Re1+ Be6 10. cxd4 Nxd4 11. Nxd4 0-0-0 12. Qc2 Bxd4 13. Nc3 h5 14. Be3 Bxe3 15. Rxe3 a6 16. Rc1 g5 17. b3 g4 18. Ne2 h4 19. bxc4 Bf5 20. Qb3 Rd2 21. Re1 h3 22. g3 Bc2 23. Qc3 Qxc3 24. Nxc3 Bf5 25. Re7 Be6 26. Nd5 c6 27. Nb6+ Kb8 28. Rb1 Rhd8 29. Nd5 Bc8 30. Ne3 R8d7 31. Rxd7 Bxd7 32. Rd1 Rxd1+ 33. Nxd1 Be6 34. Ne3 c5 35. a3 Kc7 36. Kf1 Kb6 37. Ke1 Ka5 38. Kd2 Ka4 39. Kc3 Kxa3 40. Nd5 b5 41. cxb5 Bxd5 42. bxa6 Ka4 43. a7 Kb5 44. Kd3 Kb4 45. Ke3 Kb3 46. Kf4 c4 47. Kxg4 c3 48. Kxh3 c2 49. g4 c1Q 0-1

[Event "Hampstead op U2200 09"]
[White "Jefferies, Tyrone R"]
[Black "Oliveri, Claudio"]
[Site "Hampstead"]
[Round "2"]
[Result "1-0"]
[Date "2013.09.28"]
[WhiteElo "1594"]
[BlackElo "1738"]
[PlyCount "75"]
[EventDate "2013.09.28"]
[EventType "swiss"]
[EventRounds "5"]
[EventCountry "ENG"]
[SourceTitle "EXT 2015"]
[Source "ChessBase"]
[SourceDate "2014.11.20"]
[SourceVersion "1"]
[SourceVersionDate "2014.11.20"]
[SourceQuality "1"]

1. e4 e5 2. Nf3 Nc6 3. Bb5 Nf6 4. d3 Bd6 5. 0-0 h6 6. c3 0-0 7. Be3 Re8 8. Re1 a6 9. Ba4 b5 10. Bb3 Bb7 11. Nbd2 Bf8 12. Nf1 Na5 13. Bc2 c5 14. Ng3 g6 15. Qd2 Kh7 16. a3 c4 17. Rad1 d5 18. d4 exd4 19. Qxd4 Nc6 20. Qb6 Qxb6 21. Bxb6 dxe4 22. Nxe4 Kg7 23. Nxf6 Kxf6 24. Be3 Rad8 25. Kf1 Bc8 26. Nd4 Ne5 27. h3 g5 28. f4 Ng6 29. fxg5+ hxg5 30. Nf3 Rxd1 31. Bxd1 Nf4 32. Bd4+ Kg6 33. Rxe8 Bxh3 34. gxh3 Bd6 35. Rg8+ Kh7 36. Rg7+ Kh6 37. Nxg5 Nh5 38. Nxf7# 1-0